| 000 | 005420000a22001930004500 | ||
|---|---|---|---|
| 001 | 004305 | ||
| 003 | MACL | ||
| 005 | 20150816154409.0 | ||
| 008 | 150816b xxu||||| |||| 00| 0 eng d | ||
| 040 |
_aMACL _cMACL |
||
| 041 | _aEnglish | ||
| 082 | _a510.594/CHA | ||
| 100 |
_aChattopadhyaya, D. P _95938 |
||
| 245 |
_aMathematics Astronomy & Biology In Indian Tradition _cD. P Chattopadhyaya |
||
| 260 |
_aDelhi _c1995 _bIndian Council Of Philosophical Research, |
||
| 350 | _a120 | ||
| 650 |
_aMathematics _95682 |
||
| 942 |
_k510.954 _cBK _2ddc |
||
| 999 |
_c16196 _d16196 |
||